000 00361nam a2200157Ia 4500
100 _aBeer/Ferdinand/ Johnson R
250 _a3
942 _cBK
654 _aEngineers statics
245 _aVector Mechanics for Engineers : Statics
260 _bTata Mc Graw hill
_c2000
082 _a620.1
_bBEE/JOH
300 _a601
546 _aENGLISH
999 _c34799
_d34799